000 00224 a2200085 4500
020 _a978-0711288966
100 _aLorenzo Ciccarelli
245 _aRenzo Piano: and Renzo Piano Building Workshop
260 _bFrances Lincoln
_c 2023
999 _c13636
_d13636